建国以来中国大陆所有市 - Statistics

General Stats
  • This quiz has been taken 15 times
  • The average score is 331 of 1130
Answer Stats
省份 级别 时间 城市 % Correct
直辖 直辖市 1949-1952 南京
93%
江苏 地级市 1952- 南京
93%
直辖 直辖市 1949- 北京
87%
直辖 直辖市 1949-19581967- 天津
87%
直辖 直辖市 1949- 上海
87%
直辖 直辖市 1949-19541997- 重庆
87%
直辖 直辖市 1949-1954 广州
87%
直辖 直辖市 1949-1954 武汉
87%
直辖 直辖市 1953-1954 长春
87%
河北 地级市 1958-1967 天津
87%
吉林 地级市 1949-19531954- 长春
87%
湖北 地级市 1954- 武汉
87%
广东 地级市 1954- 广州
87%
四川 地级市 1954-1997 重庆
87%
直辖 直辖市 1949-1954 沈阳
80%
直辖 直辖市 1953-1954 哈尔滨
80%
辽宁 地级市 1954- 沈阳
80%
松江 地级市 1949-1953 哈尔滨
80%
黑龙江 地级市 1954- 哈尔滨
80%
浙江 地级市 1949- 杭州
80%
直辖 直辖市 1949-1954 西安
73%
河北 地级市 1949-19581960-1961 1978- 石家庄
73%
河北 地级市 1949-19581983- 秦皇岛
73%
河北 地级市 1952-19581959-1961 1983- 张家口
73%
河北 地级市 1953-19581960-1961 1983- 邯郸
73%
河北 地级市 1960-19611983- 承德
73%
河北 县级市 1952-19531958-1960 1961-1983 邯郸
73%
河北 县级市 1958-19601961-1978 石家庄
73%
河北 县级市 1958-19591961-1983 张家口
73%
河北 县级市 1958-1983 秦皇岛
73%
河北 县级市 1955-19601961-1983 承德
73%
热河 县级市 1949-1955 承德
73%
察哈尔 地级市 1949-1952 张家口
73%
辽东 县级市 1949-1952 西安
73%
辽宁 地级市 1981- 大连
73%
吉林 地级市 1949- 吉林
73%
湖南 地级市 1949- 长沙
73%
川西 地级市 1950-1952 成都
73%
四川 地级市 1952- 成都
73%
陕西 地级市 1954- 西安
73%
直辖 直辖市 1949-1954 本溪
67%
河北 地级市 1949-19581960-1961 1983- 保定
67%
河北 地级市 1949-19581960-1961 1978- 唐山
67%
河北 地级市 1983- 邢台
67%
河北 县级市 1958-19601961-1983 保定
67%
河北 县级市 1958-19601961-1978 唐山
67%
河北 县级市 1953-19581961-1983 邢台
67%
辽宁 地级市 1954- 本溪
67%
苏南 地级市 1950-1952 苏州
67%
苏南 县级市 1949-1950 苏州
67%
江苏 地级市 1952-19581962- 苏州
67%
江苏 地级市 1952-19581962- 徐州
67%
江苏 县级市 1958-1962 苏州
67%
江苏 县级市 1958-1962 徐州
67%
浙江 地级市 1949- 宁波
67%
江西 地级市 1949- 南昌
67%
山东 地级市 1949- 青岛
67%
山东 地级市 1949-1952 徐州
67%
广东 地级市 1979- 深圳
67%
直辖 直辖市 1949-1954 鞍山
60%
河北 地级市 1983- 沧州
60%
河北 地级市 1988- 廊坊
60%
河北 地级市 1996- 衡水
60%
河北 县级市 1961-1983 沧州
60%
河北 县级市 1981-1988 廊坊
60%
河北 县级市 1982-1996 衡水
60%
山西 地级市 1949- 太原
60%
辽宁 地级市 1954- 鞍山
60%
辽宁 地级市 1984- 铁岭
60%
辽宁 县级市 1979-1984 铁岭
60%
苏北 县级市 1949-1952 扬州
60%
苏北 县级市 1949-1952 泰州
60%
苏南 地级市 1949-1952 无锡
60%
苏南 县级市 1949-1952 常州
60%
苏南 县级市 1949-1952 镇江
60%
江苏 地级市 1952- 无锡
60%
江苏 地级市 1953-19581962- 常州
60%
江苏 地级市 1962- 连云港
60%
江苏 地级市 1983- 扬州
60%
江苏 地级市 1983- 镇江
60%
江苏 地级市 1996- 宿迁
60%
江苏 地级市 1996- 泰州
60%
江苏 县级市 1952-1983 扬州
60%
江苏 县级市 1952-19591962-1996 泰州
60%
江苏 县级市 1952-19531958-1962 常州
60%
江苏 县级市 1952-1983 镇江
60%
江苏 县级市 1961-1962 连云港
60%
江苏 县级市 1987-1996 宿迁
60%
福建 地级市 1949- 厦门
60%
河南 地级市 1949- 郑州
60%
河南 地级市 1954-19581964- 洛阳
60%
河南 县级市 1949-19541958-1964 洛阳
60%
热河 县级市 1949-1952 赤峰
53%
察哈尔 地级市 1949-1952 大同
53%
山西 地级市 1952- 大同
53%
山西 地级市 2000- 临汾
53%
山西 地级市 2000- 运城
53%
山西 县级市 1971-2000 临汾
53%
山西 县级市 1983-2000 运城
53%
内蒙古 地级市 1954- 呼和浩特
53%
内蒙古 地级市 1983- 赤峰
53%
内蒙古 县级市 1958-19691979-1983 赤峰
53%
辽东 地级市 1949-1954 辽阳
53%
辽宁 地级市 1954- 辽阳
53%
辽宁 县级市 1969-1979 赤峰
53%
黑龙江 地级市 1949-19581960-1961 1964- 齐齐哈尔
53%
黑龙江 县级市 1958-19601961-1964 齐齐哈尔
53%
苏南 县级市 1950-1952 常熟
53%
江苏 地级市 1983- 盐城
53%
江苏 县级市 1952-19581983- 常熟
53%
皖北 地级市 1949-1952 蚌埠
53%
皖南 地级市 1949-1952 芜湖
53%
安徽 地级市 1952- 芜湖
53%
安徽 地级市 1952- 蚌埠
53%
安徽 地级市 1956- 马鞍山
53%
安徽 地级市 1987- 黄山
53%
安徽 县级市 1975-1996 阜阳
53%
安徽 县级市 1983-1987 黄山
53%
浙江 地级市 1994- 台州
53%
福建 地级市 1949- 福州
53%
江西 地级市 1998- 赣州
53%
江西 县级市 1949-1998 赣州
53%
山东 地级市 1949- 济南
53%
山东 地级市 1997- 聊城
53%
山东 地级市 2000- 菏泽
53%
山东 县级市 1958-19631983-1997 聊城
53%
山东 县级市 1960-19631983-2000 菏泽
53%
平原 地级市 1949-1952 安阳
53%
河南 地级市 1949-19581959- 开封
53%
河南 地级市 1952-19581959-1978 1982- 安阳
53%
河南 县级市 1958-1959 开封
53%
河南 县级市 1958-19591978-1982 安阳
53%
广东 地级市 1950-19581966-1970 1975- 佛山
53%
广东 地级市 1988- 东莞
53%
广东 县级市 1949-19501958-1966 1970-1975 佛山
53%
广东 县级市 1985-1988 东莞
53%
广西 地级市 1950-19581961- 南宁
53%
广西 县级市 1958-1961 南宁
53%
云南 地级市 1950- 昆明
53%
甘肃 地级市 1949- 兰州
53%
新疆 地级市 1953- 乌鲁木齐
53%
直辖 直辖市 1949-1954 抚顺
47%
山西 地级市 1951- 长治
47%
山西 地级市 1985- 晋城
47%
山西 地级市 1999- 晋中
47%
山西 地级市 2000- 忻州
47%
山西 地级市 2003- 吕梁
47%
山西 县级市 1983-2000 忻州
47%
山西 县级市 1983-1985 晋城
47%
内蒙古 地级市 1954- 包头
47%
内蒙古 地级市 2001- 鄂尔多斯
47%
绥远 地级市 1949-1954 包头
47%
辽东 地级市 1949-1954 营口
47%
辽西 地级市 1949-1954 阜新
47%
辽宁 地级市 1954- 抚顺
47%
辽宁 地级市 1954- 营口
47%
辽宁 地级市 1954- 阜新
47%
辽宁 地级市 1965- 丹东
47%
吉林 地级市 1993- 白城
47%
吉林 县级市 1953- 延吉
47%
吉林 县级市 1958-1993 白城
47%
黑龙江 地级市 1979- 大庆
47%
苏北 地级市 1950-1952 南通
47%
苏北 县级市 1949-1950 南通
47%
江苏 地级市 1952-19581962- 南通
47%
江苏 县级市 1958-1962 南通
47%
江苏 县级市 1986- 张家港
47%
江苏 县级市 1987- 江阴
47%
皖北 地级市 1949-1952 合肥
47%
皖北 地级市 1951-1952 安庆
47%
安徽 地级市 1952- 合肥
47%
安徽 地级市 1952-19561979- 安庆
47%
安徽 地级市 1971- 淮北
47%
安徽 地级市 1992- 滁州
47%
安徽 地级市 1999-2011 巢湖
47%
安徽 县级市 1956-1979 安庆
47%
安徽 县级市 1982-1992 滁州
47%
安徽 县级市 1982-19992011- 巢湖
47%
浙江 地级市 1949- 温州
47%
浙江 地级市 1953-19581983- 绍兴
47%
浙江 地级市 1987- 舟山
47%
浙江 地级市 2000- 丽水
47%
浙江 县级市 1949-19531958-1962 1979-1983 绍兴
47%
浙江 县级市 1986-2000 丽水
47%
山东 地级市 1949-19501983- 潍坊
47%
山东 地级市 1954-19581961- 淄博
47%
山东 地级市 1982- 东营
47%
山东 地级市 1983- 济宁
47%
山东 地级市 1985- 泰安
47%
山东 地级市 1987- 威海
47%
山东 地级市 2000- 滨州
47%
山东 县级市 1949-19501951-1987 威海
47%
山东 县级市 1949-1983 济宁
47%
山东 县级市 1950-19541958-1961 淄博
47%
山东 县级市 1950-1983 潍坊
47%
山东 县级市 1958-19631982-1985 泰安
47%
山东 县级市 1982-2000 滨州
47%
河南 地级市 1994- 南阳
47%
河南 地级市 2000- 周口
47%
河南 县级市 1949-19521953-1994 南阳
47%
河南 县级市 1949-19521953-1958 1980-2000 周口
47%
湖北 地级市 1983- 鄂州
47%
广东 地级市 1949-19581975- 汕头
47%
广东 地级市 1949-19581975- 湛江
47%
广东 地级市 1950-19581975-1983 1986-1988 海口
47%
广东 地级市 1975- 茂名
47%
广东 地级市 1979- 珠海
47%
广东 地级市 1991- 揭阳
47%
广东 县级市 1949-19501958-1975 1983-1986 海口
47%
广东 县级市 1958-1975 汕头
47%
广东 县级市 1958-1975 湛江
47%
广东 县级市 1959-1975 茂名
47%
海南 地级市 1988- 海口
47%
四川 地级市 1985- 广元
47%
四川 地级市 2000- 巴中
47%
四川 县级市 1993-2000 巴中
47%
西藏 地级市 1960- 拉萨
47%
西藏 地级市 2014- 昌都
47%
甘肃 地级市 1958-19642002- 酒泉
47%
甘肃 县级市 1985-2002 酒泉
47%
新疆 地级市 1982- 克拉玛依
47%
新疆 县级市 1958-1982 克拉玛依
47%
山西 地级市 1951- 阳泉
40%
山西 地级市 1988- 朔州
40%
内蒙古 地级市 1953-19541999- 通辽
40%
内蒙古 地级市 1975- 乌海
40%
内蒙古 地级市 2003- 乌兰察布
40%
内蒙古 县级市 1951-19531954-1969 1979-1999 通辽
40%
辽东 地级市 1952-1954 辽源
40%
辽西 地级市 1949-1954 锦州
40%
辽西 地级市 1949-1954 四平
40%
旅大 县级市 1950-1954 旅顺
40%
辽宁 地级市 1954- 锦州
40%
辽宁 县级市 1954-1960 旅顺
40%
吉林 地级市 1983- 四平
40%
吉林 地级市 1983- 辽源
40%
吉林 地级市 1985 公主岭
40%
吉林 地级市 1992- 松原
40%
吉林 县级市 1954-1983 辽源
40%
吉林 县级市 1954-1983 四平
40%
吉林 县级市 1956-19591985- 公主岭
40%
吉林 县级市 1969-1979 通辽
40%
松江 县级市 1949- 佳木斯
40%
松江 县级市 1949- 鹤岗
40%
黑龙江 地级市 1954-19581966-1968 1983- 佳木斯
40%
黑龙江 地级市 1954-19581966- 鹤岗
40%
黑龙江 地级市 1956-19581966- 鸡西
40%
黑龙江 地级市 1957-19581967- 伊春
40%
黑龙江 地级市 1983- 七台河
40%
黑龙江 县级市 1958-19661968-1983 佳木斯
40%
黑龙江 县级市 1958-1966 鹤岗
40%
黑龙江 县级市 1958-1966 鸡西
40%
黑龙江 县级市 1958-1964 伊春
40%
黑龙江 县级市 1970-1983 七台河
40%
江苏 县级市 1989- 昆山
40%
江苏 县级市 1990- 新沂
40%
江苏 县级市 1993- 太仓
40%
江苏 县级市 1994- 扬中
40%
皖南 县级市 1949-1950 宣城
40%
安徽 地级市 1998- 宿州
40%
安徽 地级市 1999- 六安
40%
安徽 地级市 2000- 宣城
40%
安徽 地级市 2000- 池州
40%
安徽 县级市 1978-1999 六安
40%
安徽 县级市 1979-1998 宿州
40%
浙江 地级市 1953-19581983- 嘉兴
40%
浙江 地级市 1953-19581983- 湖州
40%
浙江 地级市 1953-19581985- 金华
40%
浙江 县级市 1949-19531958-1962 1979-1983 嘉兴
40%
浙江 县级市 1949-19531958-1962 1979-1983 湖州
40%
浙江 县级市 1949-19501951-1953 1958-1962 1979-1985 金华
40%
浙江 县级市 1986- 海宁
40%
浙江 县级市 1988- 义乌
40%
浙江 县级市 1995- 嵊州
40%
浙江 县级市 1996-2017 临安
40%
福建 地级市 1960-19631983- 三明
40%
福建 地级市 1983- 莆田
40%
福建 地级市 1985- 漳州
40%
福建 地级市 1996- 龙岩
40%
福建 地级市 1999- 宁德
40%
福建 县级市 1950-1985 漳州
40%
福建 县级市 1963-1983 三明
40%
福建 县级市 1981-1996 龙岩
40%
福建 县级市 1988-1999 宁德
40%
山东 地级市 1950-19581983- 烟台
40%
山东 地级市 1989- 日照
40%
山东 地级市 1994- 德州
40%
山东 地级市 1994- 临沂
40%
山东 县级市 1949-1994 德州
40%
山东 县级市 1949-19501958-1983 烟台
40%
山东 县级市 1958-19631983-1994 临沂
40%
山东 县级市 1985-1989 日照
40%
山东 县级市 1986- 曲阜
40%
平原 地级市 1949-1952 新乡
40%
河南 地级市 1952-19581974-1978 1982- 新乡
40%
河南 地级市 1957-19581969- 平顶山
40%
河南 地级市 1957-19581960- 鹤壁
40%
河南 地级市 1986- 漯河
40%
河南 地级市 1997- 商丘
40%
河南 地级市 2000- 驻马店
40%
河南 县级市 1949-1986 漯河
40%
河南 县级市 1949-19521953-1958 1980-2000 驻马店
40%
河南 县级市 1950-1997 商丘
40%
河南 县级市 1958-19741978-1982 新乡
40%
河南 县级市 1958-1960 鹤壁
40%
河南 县级市 1958-1964 平顶山
40%
河南 县级市 1988- 济源
40%
湖北 地级市 1950- 黄石
40%
湖北 地级市 1995- 黄冈
40%
湖北 地级市 2010- 襄阳
40%
湖北 县级市 1981- 恩施
40%
湖北 县级市 1986- 仙桃
40%
湖北 县级市 1987- 天门
40%
湖北 县级市 1988- 潜江
40%
湖南 地级市 1956- 株洲
40%
湖南 地级市 1997- 怀化
40%
湖南 县级市 1951-1956 株洲
40%
湖南 县级市 1979-1997 怀化
40%
广东 地级市 1950-19581966-1970 1975- 江门
40%
广东 地级市 1953-1958 潮州
40%
广东 地级市 1987-1988 三亚
40%
广东 地级市 1988- 河源
40%
广东 地级市 1988- 梅州
40%
广东 地级市 1988- 惠州
40%
广东 地级市 1988- 汕尾
40%
广东 地级市 1988- 中山
40%
广东 地级市 1988- 肇庆
40%
广东 地级市 1988- 清远
40%
广东 地级市 1991- 潮州
40%
广东 地级市 1994- 云浮
40%
广东 县级市 1949-19501958-1966 1970-1975 江门
40%
广东 县级市 1958-19591979-1991 潮州
40%
广东 县级市 1958-19591964-1988 惠州
40%
广东 县级市 1958-19591961-1988 肇庆
40%
广东 县级市 1978-1983 梅州
40%
广东 县级市 1983-1988 中山
40%
广东 县级市 1984-1987 三亚
40%
广东 县级市 1992-2002 顺德
40%
广东 县级市 1992-1994 云浮
40%
广西 地级市 2002- 河池
40%
广西 县级市 1983-2002 河池
40%
海南 地级市 1988- 三亚
40%
海南 地级市 2015- 儋州
40%
海南 地级市 2012- 三沙
40%
海南 县级市 1992- 琼海
40%
海南 县级市 1993-2015 儋州
40%
川南 县级市 1950-1952 泸州
40%
川南 县级市 1951-1952 宜宾
40%
西康 县级市 1951-1955 雅安
40%
四川 地级市 1983- 德阳
40%
四川 地级市 1983- 泸州
40%
四川 地级市 1985- 绵阳
40%
四川 地级市 1985- 乐山
40%
四川 地级市 1987- 攀枝花
40%
四川 地级市 1996- 宜宾
40%
四川 地级市 1998- 广安
40%
四川 地级市 2000- 眉山
40%
四川 地级市 2000- 雅安
40%
四川 县级市 1952-1983 泸州
40%
四川 县级市 1952-1996 宜宾
40%
四川 县级市 1955-19591983-2000 雅安
40%
四川 县级市 1976-1985 绵阳
40%
四川 县级市 1979-1985 乐山
40%
四川 县级市 1988- 峨眉山
40%
贵州 地级市 1955-19581997- 遵义
40%
贵州 县级市 1950-19511952-1955 1958-1997 遵义
40%
云南 地级市 1997- 玉溪
40%
云南 县级市 1960-19621983- 大理
40%
云南 县级市 1983-1997 玉溪
40%
西藏 地级市 2015- 林芝
40%
陕西 地级市 1996- 延安
40%
陕西 县级市 1972-1999 延安
40%
甘肃 地级市 1971- 嘉峪关
40%
甘肃 地级市 1981- 金昌
40%
甘肃 地级市 1985- 天水
40%
甘肃 地级市 2002- 庆阳
40%
甘肃 县级市 1950-1985 天水
40%
甘肃 县级市 1954-1957 银川
40%
甘肃 县级市 1965-1971 嘉峪关
40%
宁夏 地级市 1957- 银川
40%
宁夏 县级市 1949-1954 银川
40%
青海 地级市 1956- 西宁
40%
青海 县级市 1949-1956 西宁
40%
河北 县级市 1986- 任丘
33%
内蒙古 地级市 2001- 呼伦贝尔
33%
内蒙古 地级市 2003- 巴彦淖尔
33%
内蒙古 县级市 1966- 二连浩特
33%
辽宁 地级市 1958-1964 朝阳
33%
辽宁 地级市 1984- 盘锦
33%
辽宁 地级市 1984- 朝阳
33%
辽宁 地级市 1994- 葫芦岛
33%
辽宁 县级市 1979-1984 朝阳
33%
吉林 地级市 1994- 白山
33%
吉林 县级市 1965- 图们
33%
松江 县级市 1949- 牡丹江
33%
黑龙江 地级市 1954-19581966-1968 1983- 牡丹江
33%
黑龙江 地级市 1956-19581966- 双鸭山
33%
黑龙江 地级市 1993- 黑河
33%
黑龙江 地级市 1999- 绥化
33%
黑龙江 县级市 1958-19661968-1983 牡丹江
33%
黑龙江 县级市 1958-1966 双鸭山
33%
黑龙江 县级市 1980-1993 黑河
33%
黑龙江 县级市 1982-1999 绥化
33%
黑龙江 县级市 2018- 漠河
33%
江苏 地级市 2001- 淮安
33%
江苏 县级市 1987-2001 淮安
33%
江苏 县级市 1987- 东台
33%
江苏 县级市 1988- 宜兴
33%
江苏 县级市 1989- 启东
33%
江苏 县级市 1990- 溧阳
33%
江苏 县级市 1991- 如皋
33%
江苏 县级市 1992- 邳州
33%
江苏 县级市 1995- 句容
33%
江苏 县级市 2018- 海安
33%
皖北 地级市 1951-1952 淮南
33%
安徽 地级市 1952- 淮南
33%
安徽 地级市 2000- 亳州
33%
安徽 县级市 1986-2000 亳州
33%
浙江 地级市 1985- 衢州
33%
浙江 县级市 1949-19501979-1985 衢州
33%
浙江 县级市 1988- 东阳
33%
浙江 县级市 1988- 慈溪
33%
浙江 县级市 1989- 诸暨
33%
浙江 县级市 1994- 温岭
33%
福建 地级市 1994- 南平
33%
福建 县级市 1956-1994 南平
33%
福建 县级市 1992- 晋江
33%
福建 县级市 1993- 南安
33%
江西 地级市 1960-19631983- 新余
33%
江西 地级市 1980- 九江
33%
江西 地级市 2000- 宜春
33%
江西 地级市 2000- 上饶
33%
江西 县级市 1949-1980 九江
33%
江西 县级市 1950-2000 上饶
33%
江西 县级市 1979-2000 宜春
33%
山东 地级市 1992-2018 莱芜
33%
山东 县级市 1983-1992 莱芜
33%
山东 县级市 1988- 荣成
33%
山东 县级市 1988- 滕州
33%
山东 县级市 1993- 乳山
33%
山东 县级市 1994- 高密
33%
河南 地级市 1956-19581959- 焦作
33%
河南 地级市 1957-19581986- 三门峡
33%
河南 地级市 1983- 濮阳
33%
河南 地级市 1986- 许昌
33%
河南 地级市 1998- 信阳
33%
河南 县级市 1949-1986 许昌
33%
河南 县级市 1949-19521953-1998 信阳
33%
河南 县级市 1958-1959 焦作
33%
河南 县级市 1958-1986 三门峡
33%
湖北 地级市 1949-19541979- 宜昌
33%
湖北 地级市 1993- 孝感
33%
湖北 地级市 1996- 荆州
33%
湖北 县级市 1954-1979 宜昌
33%
湖北 县级市 1983-1993 孝感
33%
湖南 地级市 1950-19521980- 衡阳
33%
湖南 地级市 1977- 邵阳
33%
湖南 地级市 1983- 岳阳
33%
湖南 地级市 1994- 张家界
33%
湖南 地级市 1999- 娄底
33%
湖南 县级市 1949-19501952-1980 衡阳
33%
湖南 县级市 1950-1977 邵阳
33%
湖南 县级市 1961-19621975-1983 岳阳
33%
湖南 县级市 1961-1962 娄底
33%
湖南 县级市 1980-1999 娄底
33%
湖南 县级市 1993- 浏阳
33%
广东 地级市 1950-19511955-1958 北海
33%
广东 地级市 1950-19581975- 韶关
33%
广东 地级市 1988- 阳江
33%
广东 县级市 1949-19501958-1975 韶关
33%
广东 县级市 1958-19591964-1965 北海
33%
广西 地级市 1950-19581961- 柳州
33%
广西 地级市 1950-19581961- 梧州
33%
广西 地级市 1951-19551983- 北海
33%
广西 地级市 1995- 贵港
33%
广西 地级市 2002- 来宾
33%
广西 县级市 1958-1961 柳州
33%
广西 县级市 1958-1961 梧州
33%
广西 县级市 1965-1983 北海
33%
广西 县级市 1988-1995 贵港
33%
海南 县级市 1995- 文昌
33%
海南 县级市 1996- 万宁
33%
海南 县级市 1997- 东方
33%
川南 地级市 1950-1952 自贡
33%
四川 地级市 1952- 自贡
33%
四川 地级市 1985- 遂宁
33%
四川 地级市 1999- 达州
33%
四川 县级市 1979- 西昌
33%
四川 县级市 1988- 都江堰
33%
四川 县级市 2015- 康定
33%
贵州 地级市 1949- 贵阳
33%
贵州 地级市 1978- 六盘水
33%
贵州 地级市 2011- 毕节
33%
贵州 地级市 2011- 铜仁
33%
贵州 县级市 1987-2011 铜仁
33%
贵州 县级市 1993-2011 毕节
33%
云南 地级市 1997- 曲靖
33%
云南 地级市 2001- 昭通
33%
云南 地级市 2001- 保山
33%
云南 地级市 2007- 普洱
33%
云南 县级市 1981-2001 昭通
33%
云南 县级市 1983-1997 曲靖
33%
云南 县级市 1983-2001 保山
33%
云南 县级市 2010- 文山
33%
西藏 地级市 2014- 日喀则
33%
西藏 地级市 2016- 山南
33%
西藏 地级市 2017- 那曲
33%
西藏 县级市 1986-2014 日喀则
33%
陕西 地级市 1960-19611983- 咸阳
33%
陕西 地级市 1960-19611971- 宝鸡
33%
陕西 地级市 1999- 榆林
33%
陕西 县级市 1949-1953 宝鸡
33%
陕西 县级市 1949-19501988-1999 榆林
33%
陕西 县级市 1952-19601961-1983 咸阳
33%
甘肃 地级市 1958-19631985- 白银
33%
甘肃 地级市 1958-19612002- 张掖
33%
甘肃 地级市 2002- 平凉
33%
甘肃 地级市 2004- 陇南
33%
甘肃 县级市 1950-19641983-2002 平凉
33%
甘肃 县级市 1985-2002 张掖
33%
宁夏 地级市 2001- 固原
33%
宁夏 地级市 2004- 中卫
33%
新疆 地级市 1984-1986 石河子
33%
新疆 地级市 2015- 吐鲁番
33%
新疆 县级市 1952- 伊宁
33%
新疆 县级市 1976-19841986- 石河子
33%
新疆 县级市 1983- 昌吉
33%
新疆 县级市 1983- 阿克苏
33%
新疆 县级市 1983- 和田
33%
新疆 县级市 1984- 阿勒泰
33%
新疆 县级市 1984-2015 吐鲁番
33%
新疆 县级市 2002- 图木舒克
33%
新疆 县级市 2011- 北屯
33%
新疆 县级市 2012- 铁门关
33%
新疆 县级市 2019- 胡杨河
33%
新疆 县级市 2021- 新星
33%
河北 县级市 1986- 涿州
27%
河北 县级市 1987- 沙河
27%
河北 县级市 1992- 遵化
27%
河北 县级市 1993- 三河
27%
山西 县级市 1996- 汾阳
27%
内蒙古 地级市 1953-1954 乌兰浩特
27%
内蒙古 地级市 1953-1954 满洲里
27%
内蒙古 县级市 1949-19531954-1964 1980- 乌兰浩特
27%
内蒙古 县级市 1949-19531954-1969 1979- 满洲里
27%
辽东 县级市 1949-1954 通化
27%
辽宁 县级市 1985- 北票
27%
辽宁 县级市 1985- 瓦房店
27%
辽宁 县级市 1991-2015 普兰店
27%
吉林 地级市 1985- 通化
27%
吉林 地级市 1985 梅河口
27%
吉林 县级市 1954-1985 通化
27%
吉林 县级市 1985- 梅河口
27%
黑龙江 县级市 1969-1979 满洲里
27%
黑龙江 县级市 1975- 绥芬河
27%
黑龙江 县级市 1983- 五大连池
27%
江苏 县级市 1986- 仪征
27%
江苏 县级市 1987- 兴化
27%
江苏 县级市 1992- 泰兴
27%
江苏 县级市 1993- 靖江
27%
皖北 县级市 1949-1950 三河
27%
皖北 县级市 1949-1952 界首
27%
安徽 地级市 1961-19641971- 铜陵
27%
安徽 县级市 1952-19531989- 界首
27%
安徽 县级市 1958-1961 铜陵
27%
安徽 县级市 1993- 天长
27%
安徽 县级市 1997- 宁国
27%
安徽 县级市 2019- 无为
27%
安徽 县级市 2019- 广德
27%
浙江 县级市 1949-19501985- 兰溪
27%
浙江 县级市 1985- 余姚
27%
浙江 县级市 1988-2016 奉化
27%
浙江 县级市 1992- 永康
27%
浙江 县级市 1993- 桐乡
27%
浙江 县级市 1993- 乐清
27%
浙江 县级市 1994-2014 富阳
27%
浙江 县级市 2019- 龙港
27%
福建 地级市 1985- 泉州
27%
福建 县级市 1950-1985 泉州
27%
福建 县级市 1987- 石狮
27%
江西 地级市 1953- 景德镇
27%
江西 地级市 1970- 萍乡
27%
江西 地级市 2000- 吉安
27%
江西 地级市 2000- 抚州
27%
江西 县级市 1949-1953 景德镇
27%
江西 县级市 1950-2000 吉安
27%
江西 县级市 1954-19641969-1987 抚州
27%
江西 县级市 1960-1970 萍乡
27%
山东 地级市 1961- 枣庄
27%
山东 县级市 1949-19501986- 龙口
27%
山东 县级市 1960-1961 枣庄
27%
山东 县级市 1986- 青州
27%
山东 县级市 1987- 胶州
27%
山东 县级市 1989- 平度
27%
山东 县级市 1991- 招远
27%
山东 县级市 1993- 寿光
27%
湖北 地级市 1973- 十堰
27%
湖北 地级市 1983- 荆门
27%
湖北 地级市 1998- 咸宁
27%
湖北 地级市 2000- 随州
27%
湖北 县级市 1969-1973 十堰
27%
湖北 县级市 1979-1983 荆门
27%
湖北 县级市 1979-2000 随州
27%
湖北 县级市 1983-1998 咸宁
27%
湖北 县级市 1983- 丹江口
27%
湖北 县级市 1986- 麻城
27%
湖北 县级市 1998- 赤壁
27%
湖南 地级市 1980- 湘潭
27%
湖南 地级市 1988- 常德
27%
湖南 地级市 1994- 郴州
27%
湖南 地级市 1994- 益阳
27%
湖南 县级市 1950-1980 湘潭
27%
湖南 县级市 1950-1988 常德
27%
湖南 县级市 1950-1994 益阳
27%
湖南 县级市 1960-19631977-1994 郴州
27%
湖南 县级市 1986- 耒阳
27%
广东 县级市 1993- 高州
27%
广东 县级市 1994- 雷州
27%
广东 县级市 1994-2002 高明
27%
广东 县级市 1994- 吴川
27%
广西 地级市 1950-19581961- 桂林
27%
广西 地级市 1993- 防城港
27%
广西 地级市 1994- 钦州
27%
广西 地级市 1997- 玉林
27%
广西 地级市 2002- 百色
27%
广西 县级市 1958-1961 桂林
27%
广西 县级市 1983-1994 钦州
27%
广西 县级市 1983-2002 百色
27%
广西 县级市 1983-1997 玉林
27%
海南 县级市 2001- 五指山
27%
川东 县级市 1950-1952 万县
27%
川南 县级市 1951-1952 内江
27%
川北 县级市 1950-1952 南充
27%
四川 地级市 1985- 内江
27%
四川 地级市 1992-1997 万县
27%
四川 地级市 1993- 南充
27%
四川 地级市 1995-1997 涪陵
27%
四川 地级市 2000- 资阳
27%
四川 县级市 1952-1992 万县
27%
四川 县级市 1952-1985 内江
27%
四川 县级市 1952-1993 南充
27%
四川 县级市 1983-1995 涪陵
27%
四川 县级市 1993-2000 资阳
27%
四川 县级市 1994- 简阳
27%
贵州 地级市 2000- 安顺
27%
贵州 县级市 1955-19621966-2000 安顺
27%
贵州 县级市 1983- 凯里
27%
贵州 县级市 1987- 兴义
27%
云南 地级市 1958-1998 东川
27%
云南 地级市 2003- 临沧
27%
云南 县级市 1983- 楚雄
27%
云南 县级市 2010- 芒市
27%
云南 县级市 2014- 香格里拉
27%
陕西 地级市 1979- 铜川
27%
陕西 地级市 1994- 渭南
27%
陕西 地级市 1996- 汉中
27%
陕西 地级市 2000- 安康
27%
陕西 地级市 2002- 商洛
27%
陕西 县级市 1953-19641980-1999 汉中
27%
陕西 县级市 1958-1979 铜川
27%
陕西 县级市 1983-1999 渭南
27%
陕西 县级市 1988-2000 安康
27%
陕西 县级市 2017- 神木
27%
甘肃 地级市 1958-1961 玉门
27%
甘肃 地级市 2001- 武威
27%
甘肃 县级市 1954-1957 吴忠
27%
甘肃 县级市 1955-19581961- 玉门
27%
甘肃 县级市 1985-2001 武威
27%
甘肃 县级市 1987- 敦煌
27%
甘肃 县级市 1996- 合作
27%
宁夏 地级市 1975- 石嘴山
27%
宁夏 地级市 1998- 吴忠
27%
宁夏 县级市 1950-19541957-1963 1983-1998 吴忠
27%
宁夏 县级市 1960-1975 石嘴山
27%
青海 地级市 2013- 海东
27%
青海 县级市 2013- 玉树
27%
新疆 地级市 2016- 哈密
27%
新疆 县级市 1952- 喀什
27%
新疆 县级市 1961-19621977-2016 哈密
27%
新疆 县级市 1975- 奎屯
27%
新疆 县级市 2002- 阿拉尔
27%
新疆 县级市 2014- 霍尔果斯
27%
新疆 县级市 2014- 双河
27%
新疆 县级市 2015- 可克达拉
27%
新疆 县级市 2016- 昆玉
27%
新疆 县级市 2023- 白杨
27%
直辖 直辖市 1950-1954 旅大
20%
河北 县级市 1986- 辛集
20%
河北 县级市 1986- 南宫
20%
河北 县级市 1986- 定州
20%
河北 县级市 1989- 黄骅
20%
河北 县级市 1990- 霸州
20%
河北 县级市 1993- 高碑店
20%
内蒙古 县级市 1983- 牙克石
20%
内蒙古 县级市 1983- 锡林浩特
20%
内蒙古 县级市 1994- 额尔古纳
20%
内蒙古 县级市 1994- 根河
20%
辽宁 地级市 1954-1981 旅大
20%
辽宁 县级市 1986- 兴城
20%
辽宁 县级市 1989- 开原
20%
辽宁 县级市 1992- 盖州
20%
辽宁 县级市 1993- 新民
20%
辽宁 县级市 1993- 东港
20%
辽宁 县级市 1993- 凌海
20%
辽宁 县级市 1995-2006 北宁
20%
辽宁 县级市 1996- 灯塔
20%
辽宁 县级市 2006- 北镇
20%
吉林 县级市 1985- 敦化
20%
吉林 县级市 1988- 大安
20%
黑龙江 地级市 1965-1979 安达
20%
黑龙江 县级市 1960-19651984- 安达
20%
黑龙江 县级市 1960-19631982- 北安
20%
黑龙江 县级市 2016- 抚远
20%
江苏 县级市 1991- 高邮
20%
江苏 县级市 1992-2012 吴江
20%
江苏 县级市 1993-2015 金坛
20%
江苏 县级市 1994-2020 海门
20%
江苏 县级市 1995-2002 武进
20%
安徽 地级市 1996- 桐城
20%
安徽 县级市 1994- 明光
20%
安徽 县级市 1996- 桐城
20%
安徽 县级市 2018- 潜山
20%
浙江 县级市 1986- 临海
20%
浙江 县级市 1987- 瑞安
20%
浙江 县级市 1987- 江山
20%
浙江 县级市 1987-2001 萧山
20%
浙江 县级市 1990- 龙泉
20%
浙江 县级市 1991- 平湖
20%
浙江 县级市 1992- 建德
20%
浙江 县级市 1992-2013 上虞
20%
浙江 县级市 2017- 玉环
20%
福建 县级市 1989- 武夷山
20%
福建 县级市 1989- 福安
20%
福建 县级市 1992- 建瓯
20%
福建 县级市 1995- 福鼎
20%
江西 地级市 1983- 鹰潭
20%
江西 县级市 1979-1983 鹰潭
20%
山东 县级市 1954-19631983- 临清
20%
山东 县级市 1987- 莱阳
20%
山东 县级市 1989-2017 即墨
20%
山东 县级市 1990- 莱西
20%
山东 县级市 1991-2020 蓬莱
20%
山东 县级市 1992- 肥城
20%
山东 县级市 1992-2016 章丘
20%
山东 县级市 1994- 安丘
20%
山东 县级市 1995- 栖霞
20%
山东 县级市 1996- 海阳
20%
河南 县级市 1988- 禹州
20%
河南 县级市 1988- 辉县
20%
河南 县级市 1989- 沁阳
20%
河南 县级市 1993- 项城
20%
河南 县级市 1994- 新密
20%
河南 县级市 1994- 新郑
20%
湖北 县级市 1951-19521979- 老河口
20%
湖北 县级市 1986- 利川
20%
湖北 县级市 2020- 监利
20%
湖南 地级市 1995- 永州
20%
湖南 县级市 1969-1995 冷水江
20%
湖南 县级市 1982-1995 永州
20%
湖南 县级市 1982- 吉首
20%
湖南 县级市 2017- 宁乡
20%
广东 县级市 1992-2002 南海
20%
广东 县级市 1992- 台山
20%
广东 县级市 1993- 开平
20%
广东 县级市 1994- 英德
20%
广东 县级市 1994- 乐昌
20%
广东 县级市 1994- 化州
20%
广东 县级市 1995- 陆丰
20%
广西 地级市 2002- 崇左
20%
广西 县级市 1956-19581961- 凭祥
20%
广西 县级市 1996- 东兴
20%
广西 县级市 2019- 平果
20%
四川 县级市 1991- 阆中
20%
四川 县级市 1993- 彭州
20%
四川 县级市 1994- 崇州
20%
四川 县级市 2015- 马尔康
20%
四川 县级市 2017- 隆昌
20%
贵州 县级市 1955-19621966- 都匀
20%
贵州 县级市 1992- 清镇
20%
贵州 县级市 1995- 仁怀
20%
贵州 县级市 2017- 盘州
20%
云南 地级市 1951-1958 个旧
20%
云南 县级市 1958- 个旧
20%
云南 县级市 1992- 瑞丽
20%
云南 县级市 1993- 景洪
20%
云南 县级市 1995- 安宁
20%
云南 县级市 2010- 蒙自
20%
云南 县级市 2013- 弥勒
20%
云南 县级市 2016- 泸水
20%
西藏 县级市 2023- 错那
20%
西藏 县级市 2023- 米林
20%
陕西 县级市 2018- 彬州
20%
甘肃 地级市 2003- 定西
20%
甘肃 县级市 1950-19731983- 临夏
20%
青海 县级市 1960-19651980- 格尔木
20%
青海 县级市 1988- 德令哈
20%
青海 县级市 2018- 茫崖
20%
青海 县级市 2020- 同仁
20%
新疆 县级市 1979- 库尔勒
20%
新疆 县级市 1984- 塔城
20%
新疆 县级市 1985- 博乐
20%
新疆 县级市 1996- 乌苏
20%
新疆 县级市 2002- 五家渠
20%
新疆 县级市 2012- 阿拉山口
20%
河北 地级市 1952-1955 宣化
13%
河北 县级市 1952-1953 山海关
13%
河北 县级市 1953-1958 通州
13%
河北 县级市 1953-19581982- 泊头
13%
河北 县级市 1961-1963 宣化
13%
河北 县级市 1988- 武安
13%
河北 县级市 1990- 河间
13%
河北 县级市 1991- 晋州
13%
河北 县级市 1994- 深州
13%
河北 县级市 1996- 迁安
13%
河北 县级市 2018- 滦州
13%
察哈尔 地级市 1949-1952 宣化
13%
山西 县级市 1992- 孝义
13%
山西 县级市 1994- 河津
13%
山西 县级市 1994- 永济
13%
内蒙古 县级市 1983- 扎兰屯
13%
内蒙古 县级市 1990- 丰镇
13%
内蒙古 县级市 1996- 阿尔山
13%
辽西 县级市 1949-1952 山海关
13%
辽宁 县级市 1985- 海城
13%
辽宁 县级市 1992- 凌源
13%
辽宁 县级市 1992- 大石桥
13%
辽宁 县级市 1992- 庄河
13%
辽宁 县级市 1994- 凤城
13%
辽宁 县级市 2002- 调兵山
13%
吉林 县级市 1988- 集安
13%
吉林 县级市 1988- 桦甸
13%
吉林 县级市 1990- 榆树
13%
吉林 县级市 1993- 临江
13%
吉林 县级市 1994- 德惠
13%
吉林 县级市 1996- 双辽
13%
黑龙江 县级市 1986- 肇东
13%
黑龙江 县级市 1988- 富锦
13%
黑龙江 县级市 1989- 海伦
13%
黑龙江 县级市 1993- 宁安
13%
黑龙江 县级市 1993- 五常
13%
黑龙江 县级市 1995- 穆棱
13%
黑龙江 县级市 1996- 虎林
13%
黑龙江 县级市 2015- 东宁
13%
江苏 地级市 1983-2001 淮阴
13%
江苏 县级市 1958-1964 淮阴
13%
江苏 县级市 1987- 丹阳
13%
江苏 县级市 1993-2009 通州
13%
江苏 县级市 1996-2015 大丰
13%
安徽 县级市 1987-2000 宣州
13%
浙江 县级市 1994-2001 余杭
13%
福建 县级市 1990- 福清
13%
江西 县级市 1984- 井冈山
13%
江西 县级市 1989- 瑞昌
13%
江西 县级市 1990- 德兴
13%
江西 县级市 1993- 高安
13%
江西 县级市 1994- 瑞金
13%
江西 县级市 1996- 贵溪
13%
江西 县级市 2010- 共青城
13%
江西 县级市 2016- 庐山
13%
山东 县级市 1983- 新泰
13%
山东 县级市 1987- 诸城
13%
山东 县级市 1988-2014 文登
13%
山东 县级市 1988- 乐陵
13%
山东 县级市 1988- 莱州
13%
山东 县级市 1992- 邹城
13%
山东 县级市 1993- 禹城
13%
山东 县级市 1994- 昌邑
13%
河南 县级市 1950-1951 汝南
13%
河南 县级市 1981- 义马
13%
河南 县级市 1988- 汝州
13%
河南 县级市 1991- 巩义
13%
河南 县级市 1993- 灵宝
13%
河南 县级市 1993- 长葛
13%
河南 县级市 1994- 林州
13%
河南 县级市 1996- 永城
13%
湖北 地级市 1949-19551979-1994 沙市
13%
湖北 县级市 1955-1979 沙市
13%
湖北 县级市 1986- 石首
13%
湖北 县级市 1992- 钟祥
13%
湖北 县级市 1995- 松滋
13%
湖北 县级市 1995- 大冶
13%
湖北 县级市 1996- 枝江
13%
湖北 县级市 1997- 汉川
13%
湖南 县级市 1986- 湘乡
13%
湖南 县级市 1987- 汨罗
13%
湖南 县级市 1988- 沅江
13%
湖南 县级市 2019- 邵东
13%
湖南 县级市 2021- 祁阳
13%
广东 县级市 1992-2000 番禺
13%
广东 县级市 1993-2002 三水
13%
广东 县级市 1993- 普宁
13%
广东 县级市 1993- 罗定
13%
广东 县级市 1993-2015 高要
13%
广东 县级市 1993- 四会
13%
广东 县级市 1993-2014 增城
13%
广东 县级市 1993- 廉江
13%
广东 县级市 1994- 恩平
13%
广东 县级市 1994-2014 从化
13%
广东 县级市 1994- 兴宁
13%
广西 地级市 2002- 贺州
13%
广西 县级市 1995- 岑溪
13%
广西 县级市 1997-2002 贺州
13%
海南 县级市 1994-2002 琼山
13%
四川 县级市 1952-19571992-1997 合川
13%
四川 县级市 1988- 广汉
13%
四川 县级市 1988- 江油
13%
四川 县级市 1993- 万源
13%
四川 县级市 1994- 邛崃
13%
四川 县级市 1994-1997 南川
13%
重庆 县级市 1997-2006 南川
13%
重庆 县级市 1997-2006 合川
13%
贵州 县级市 1990- 赤水
13%
贵州 县级市 2018- 兴仁
13%
贵州 县级市 2021- 黔西
13%
云南 县级市 1994- 宣威
13%
云南 县级市 2015- 腾冲
13%
云南 县级市 2018- 水富
13%
陕西 县级市 1983- 韩城
13%
陕西 县级市 1990- 华阴
13%
陕西 县级市 2019- 子长
13%
陕西 县级市 2021- 旬阳
13%
宁夏 县级市 1960-19631984- 青铜峡
13%
新疆 地级市 1949-1953 迪化
13%
新疆 县级市 1986- 阿图什
13%
新疆 县级市 1992- 阜康
13%
新疆 县级市 2021- 沙湾
13%
河北 县级市 1991- 安国
7%
河北 县级市 1992- 新乐
7%
河北 县级市 1993-2016 冀州
7%
河北 县级市 2017- 平泉
7%
山西 县级市 1958-19631971- 侯马
7%
山西 县级市 1988- 古交
7%
山西 县级市 1989- 霍州
7%
山西 县级市 1993- 高平
7%
山西 县级市 1993- 原平
7%
山西 县级市 1996-2003 离石
7%
山西 县级市 2018- 怀仁
7%
内蒙古 地级市 1953-1954 海拉尔
7%
内蒙古 县级市 1949-19531954-1969 1979-2001 海拉尔
7%
内蒙古 县级市 1956-2003 集宁
7%
内蒙古 县级市 1984-2003 临河
7%
内蒙古 县级市 1985- 霍林郭勒
7%
绥远 地级市 1949-1954 归绥
7%
辽东 地级市 1949-1954 安东
7%
辽宁 地级市 1954-1965 安东
7%
辽宁 地级市 1956-19571989-1994 锦西
7%
辽宁 县级市 1985-1989 锦西
7%
吉林 县级市 1987- 洮南
7%
吉林 县级市 1987-19922013- 扶余
7%
吉林 县级市 1988- 龙井
7%
吉林 县级市 1988- 珲春
7%
吉林 县级市 1989- 蛟河
7%
吉林 县级市 1992- 舒兰
7%
吉林 县级市 1993- 和龙
7%
吉林 县级市 1995- 磐石
7%
黑龙江 县级市 1969-1979 海拉尔
7%
黑龙江 县级市 1987- 同江
7%
黑龙江 县级市 1988- 铁力
7%
黑龙江 县级市 1988- 密山
7%
黑龙江 县级市 1988- 尚志
7%
黑龙江 县级市 1992- 海林
7%
黑龙江 县级市 1992- 讷河
7%
黑龙江 县级市 2019- 嫩江
7%
苏北 县级市 1950-1952 清江
7%
江苏 县级市 1952-19581964-1983 清江
7%
江苏 县级市 1952-1961 新海连
7%
江苏 县级市 1994-2011 江都
7%
江苏 县级市 1995-2001 吴县
7%
皖北 县级市 1950-1952 宿城
7%
皖南 县级市 1949-1952 屯溪
7%
皖南 县级市 1949-1950 当涂
7%
安徽 地级市 1953-19551956-1963 屯溪
7%
安徽 县级市 1952-19531955-1956 1975-1987 屯溪
7%
安徽 县级市 1952-1953 宿城
7%
安徽 县级市 1988-2000 贵池
7%
福建 县级市 1983- 邵武
7%
福建 县级市 1990- 漳平
7%
福建 县级市 1994-2017 长乐
7%
福建 县级市 1994-2015 建阳
7%
江西 县级市 1988- 丰城
7%
江西 县级市 1988- 樟树
7%
江西 县级市 1995-2013 南康
7%
江西 县级市 2020- 龙南
7%
山东 县级市 1949-1952 新海连
7%
山东 县级市 1990-2012 胶南
7%
山东 县级市 1992-2013 兖州
7%
山东 县级市 2018- 邹平
7%
河南 县级市 1988- 卫辉
7%
河南 县级市 1988- 邓州
7%
河南 县级市 1990- 舞钢
7%
河南 县级市 1993-2021 偃师
7%
河南 县级市 1994- 登封
7%
河南 县级市 1994- 荥阳
7%
河南 县级市 2019- 长垣
7%
湖北 地级市 1951-19521979-2010 襄樊
7%
湖北 县级市 1953-1979 襄樊
7%
湖北 县级市 1986- 应城
7%
湖北 县级市 1987- 洪湖
7%
湖北 县级市 1987- 安陆
7%
湖北 县级市 1987- 武穴
7%
湖北 县级市 1988- 枣阳
7%
湖北 县级市 1988- 广水
7%
湖北 县级市 1994- 宜城
7%
湖北 县级市 1998- 宜都
7%
湖北 县级市 2018- 京山
7%
湖南 县级市 1950-19631979- 洪江
7%
湖南 县级市 1961-1962 安江
7%
湖南 县级市 1961-19621984- 冷水滩
7%
湖南 县级市 1984- 资兴
7%
湖南 县级市 1985- 醴陵
7%
湖南 县级市 1990- 韶山
7%
湖南 县级市 1992- 临湘
7%
湖南 县级市 1996- 常宁
7%
广东 县级市 1983-1988 梅县
7%
广东 县级市 1993-2000 花都
7%
广东 县级市 1993- 鹤山
7%
广东 县级市 1994- 连州
7%
广东 县级市 1994- 阳春
7%
广东 县级市 1994-2003 惠阳
7%
广东 县级市 1995- 信宜
7%
广东 县级市 1996- 南雄
7%
广西 县级市 1981- 合山
7%
广西 县级市 1994- 北流
7%
广西 县级市 2015- 靖西
7%
广西 县级市 2018- 荔浦
7%
广西 县级市 2021- 横州
7%
川东 县级市 1951-1952 北碚
7%
四川 地级市 1965-1987 渡口
7%
四川 县级市 1976-1993 达县
7%
四川 县级市 1992-1997 永川
7%
四川 县级市 1992-1997 江津
7%
四川 县级市 1995- 什邡
7%
四川 县级市 2019- 射洪
7%
四川 县级市 2021- 会理
7%
重庆 县级市 1952-1953 北碚
7%
重庆 县级市 1997-2006 永川
7%
重庆 县级市 1997-2006 江津
7%
贵州 县级市 1960-1962 六枝
7%
云南 地级市 2003-2007 思茅
7%
云南 县级市 1950-1955 河口
7%
云南 县级市 1981- 开远
7%
云南 县级市 1993-2003 思茅
7%
陕西 县级市 1993- 兴平
7%
甘肃 县级市 2018- 华亭
7%
宁夏 县级市 1996- 灵武
7%
青海 县级市 1960-1964 大柴旦
7%
青海 县级市 1960-1964 冷湖
7%
河北 地级市 1955-1956 峰峰
0%
河北 县级市 1953-19581960-1962 汉沽
0%
河北 县级市 1989-2014 藁城
0%
河北 县级市 1994-2002 丰南
0%
河北 县级市 1994-2014 鹿泉
0%
山西 县级市 1954-19631971-1999 榆次
0%
山西 县级市 1992- 介休
0%
山西 县级市 1994-2018 潞城
0%
内蒙古 县级市 1956-1958 巴彦浩特
0%
内蒙古 县级市 1960-1964 巴彦高勒
0%
内蒙古 县级市 1961-1975 乌达
0%
内蒙古 县级市 1961-1975 海勃湾
0%
内蒙古 县级市 1983-2001 东胜
0%
辽宁 县级市 1981-2002 铁法
0%
吉林 地级市 1985-1994 浑江
0%
吉林 县级市 1959-1985 浑江
0%
吉林 县级市 1988-2014 九台
0%
黑龙江 县级市 1986-1987 镜泊湖
0%
黑龙江 县级市 1987-2006 阿城
0%
黑龙江 县级市 1988-2014 双城
0%
江苏 县级市 1994-2012 姜堰
0%
江苏 县级市 1995-2000 锡山
0%
皖北 县级市 1949-1950 阜城
0%
皖北 县级市 1949-1950 亳城
0%
皖南 县级市 1949-1950 大通
0%
安徽 地级市 1956-1958 铜官山
0%
安徽 地级市 1959-1971 濉溪
0%
浙江 县级市 1981-1994 椒江
0%
浙江 县级市 1989-1994 黄岩
0%
福建 县级市 1984- 永安
0%
福建 县级市 1993-2021 龙海
0%
江西 县级市 1987-2000 临川
0%
江西 县级市 1992- 乐平
0%
山东 县级市 1949-1950 羊口
0%
山东 县级市 1949-1950 张店
0%
山东 县级市 1949-1950 周村
0%
山东 县级市 1949-1950 博山
0%
山东 县级市 1949-1950 石岛
0%
山东 县级市 1950-1954 张周
0%
山东 县级市 1960-19651982-1983 新汶
0%
河南 县级市 1949-1951 朱集
0%
河南 县级市 1996- 孟州
0%
湖北 地级市 1994-1996 荆沙
0%
湖北 县级市 1960-19611979-1983 鄂城
0%
湖北 县级市 1960-1961 沙洋
0%
湖北 县级市 1986-1998 蒲圻
0%
湖北 县级市 1987-1998 枝城
0%
湖北 县级市 1988- 当阳
0%
湖北 县级市 1990-1995 黄州
0%
湖南 地级市 1988-1994 大庸
0%
湖南 县级市 1950-19521953-1963 1979- 津市
0%
湖南 县级市 1961-1962 冷江
0%
湖南 县级市 1961-1962 东江
0%
湖南 县级市 1985-1988 大庸
0%
湖南 县级市 1987- 涟源
0%
湖南 县级市 1994- 武冈
0%
广东 地级市 1953-1958 石岐
0%
广东 县级市 1958-1959 石岐
0%
广东 县级市 1986-1988 通什
0%
广东 县级市 1992-2002 新会
0%
广东 县级市 1993-2003 潮阳
0%
广东 县级市 1994-2003 澄海
0%
广西 县级市 1993-2016 宜州
0%
广西 县级市 1994- 桂平
0%
海南 县级市 1988-2001 通什
0%
川南 县级市 1951-1952 五通桥
0%
四川 县级市 1952-1959 五通桥
0%
四川 县级市 1985- 华蓥
0%
四川 县级市 1993-1999 达川
0%
四川 县级市 1996- 绵竹
0%
贵州 县级市 1996- 福泉
0%
云南 县级市 1950-1955 麻栗坡
0%
云南 县级市 1951-19601962-1983 下关
0%
云南 县级市 1985-1999 畹町
0%
云南 县级市 1996-2010 潞西
0%
云南 县级市 2019- 澄江
0%
云南 县级市 2021- 禄丰
0%
陕西 县级市 1949-1953 南郑
0%
陕西 县级市 1988-2002 商州
0%
甘肃 县级市 1958-1961 德乌鲁
0%
甘肃 县级市 1985-2002 西峰
0%
新疆 县级市 1996-2007 米泉
0%
新疆 县级市 2019- 库车
0%
No matching quizzes found
Score Distribution
Percent of People with Each Score
Percentile by Number Answered
Your Score History
You have not taken this quiz